Historia de la educación Argentina : manual para el quinto año del curso superior del magisterio.

Uloženo v:
Podrobná bibliografie
Hlavní autor: Solari, Manuel Horacio (autor)
Médium: Kniha
Jazyk:španělština
Edice:(Biblioteca cathedra ; no. 1)
Témata:
Tagy: Přidat tag
Žádné tagy, Buďte první, kdo vytvoří štítek k tomuto záznamu!

MARC

LEADER 00000cam^a2200000uu^4500
001 000483278
005 20250521000000.0
008 050901s1949^^^^^^^^^^^^rd^r^^000^0^spa^d
009 20260310125107.881
035 |a FCE 000026329 
035 |a FCE 018310 
037 |a Acervo ITESO - Biblioteca 
041 |a spa 
082 0 4 |a 370.982  |b SOL 
100 |a Solari, Manuel Horacio  |e (autor) 
245 1 0 |a Historia de la educación Argentina :  |b manual para el quinto año del curso superior del magisterio. 
264 |a Buenos Aires :  |b Paidós,  |c 1949. 
300 |a 287 p. 
336 |a texto  |b txt  |2 rdacontenido 
337 |a sin mediación  |b n  |2 rdamedio 
338 |a volumen  |b nc  |2 rdasoporte 
440 0 |a (Biblioteca cathedra ;  |v no. 1) 
649 |a XX 
650 |a Educación popular 
650 |a Organización de la educación 
650 |a Positivismo 
650 |a Capacitación 
650 |a Formación de docentes 
650 |a Argentina 
910 |a Fondo Centro de Estudios Educativos 
920 |a Impresos - Libros 
930 |a Fondos Especiales 
905 |a 133 
901 |a ALE018310  |b IT2  |c CEE  |u 20250521 
902 |a https://opac.biblio.iteso.mx/vufind/Record/000483278